[Event "28. Erfurter Schachfestival 2018 - Meis"]
[Site "Erfurt"]
[Date "2018.12.29"]
[Round "7.13"]
[White "Rewitz, Poul"]
[Black "Nguyen, Huy Dat"]
[Result "1/2-1/2"]
[WhiteElo "2240"]
[BlackElo "2178"]
[PlyCount "129"]
[EventDate "2018.12.26"]
[SourceDate "2015.12.14"]

1. Nf3 d6 2. d4 g6 3. Bg5 Bg7 4. Qd2 c5 5. c3 cxd4 6. cxd4 Bg4 7. Nc3 h6 8. Be3
Nf6 9. g3 Bxf3 10. exf3 Nbd7 11. Bg2 Nb6 12. f4 d5 13. b3 Qd7 14. O-O O-O 15.
Rfc1 Rfc8 16. Nd1 Ne4 17. Qa5 e6 18. Nb2 Bf6 19. Nd3 Bd8 20. Qe1 Rxc1 21. Rxc1
Nd6 22. a4 Nf5 23. Bf1 Nc8 24. a5 Ncd6 25. Ne5 Qe7 26. a6 Bb6 27. Qb4 bxa6 28.
Bxa6 Nxe3 29. fxe3 Nf5 30. Qxe7 Nxe7 31. Nd7 Ba5 32. Kf2 Rd8 33. Bb5 Nf5 34.
Ke2 Nd6 35. Ba4 Rc8 36. Rxc8+ Nxc8 37. e4 dxe4 38. Nf6+ Kg7 39. Nxe4 Bb4 40.
Kd3 Nd6 41. Nc5 Kf6 42. Na6 Ba5 43. b4 Bd8 44. Nb8 g5 45. fxg5+ Kxg5 46. Nc6
Bb6 47. Bd1 Kf6 48. Ne5 Ke7 49. g4 Nb5 50. Nf3 f6 51. h4 Nd6 52. Ba4 Kf7 53.
Bc6 Ke7 54. Nd2 Kf7 55. Nb3 Ke7 56. Nc5 Kf7 57. Bd7 e5 58. d5 Ke7 59. Bc6 Bc7
60. Ba4 Bb6 61. h5 Bc7 62. Ne4 f5 63. Nxd6 Bxd6 64. gxf5 Bxb4 65. Ke4 1/2-1/2

[Event "28. Erfurter Schachfestival 2018 - Meis"]
[Site "Erfurt"]
[Date "2018.12.29"]
[Round "7.14"]
[White "Lubbe, Melanie"]
[Black "Hundack, Rolf"]
[Result "1-0"]
[WhiteElo "2345"]
[BlackElo "2125"]
[PlyCount "75"]
[EventDate "2018.12.26"]
[SourceDate "2015.12.14"]

1. e4 e5 2. Nf3 Nc6 3. Bc4 Be7 4. O-O Nf6 5. d3 O-O 6. Re1 d6 7. a4 Be6 8. Nbd2
Qd7 9. c3 Rfe8 10. b4 Bf8 11. a5 Ne7 12. a6 b6 13. d4 Bxc4 14. Nxc4 exd4 15.
cxd4 Ng6 16. Qc2 b5 17. Ncd2 d5 18. e5 Nh5 19. Qc3 Nhf4 20. Nf1 Re6 21. Bd2 Rc6
22. Qb3 Rb8 23. Ne3 Rd8 24. g3 Ne6 25. h4 h6 26. Qd3 Rb6 27. Nh2 Be7 28. Ng2
Nh8 29. f4 g6 30. Ng4 Nxf4 31. Nxh6+ Kh7 32. Bxf4 Bxb4 33. Rf1 Bf8 34. Qd2 c5
35. dxc5 Bxc5+ 36. Kh2 d4 37. Bg5 Re8 38. Qf4 1-0

[Event "28. Erfurter Schachfestival 2018 - Meis"]
[Site "Erfurt"]
[Date "2018.12.29"]
[Round "7.15"]
[White "King, Alexander"]
[Black "Stein, Robert"]
[Result "0-1"]
[WhiteElo "2075"]
[BlackElo "2306"]
[PlyCount "84"]
[EventDate "2018.12.26"]
[SourceDate "2015.12.14"]

1. Nf3 Nf6 2. c4 e6 3. b3 d5 4. e3 Bd6 5. Bb2 O-O 6. Be2 c6 7. Qc2 Nbd7 8. Nc3
Qe7 9. O-O b6 10. cxd5 exd5 11. Nd4 Nb8 12. Nf5 Bxf5 13. Qxf5 Nbd7 14. d4 Rae8
15. Rac1 g6 16. Qc2 h5 17. Bf3 Ne4 18. Bxe4 dxe4 19. g3 f5 20. Ne2 Rc8 21. Qc4+
Kh7 22. a4 Nf6 23. Rfe1 h4 24. Nc3 g5 25. Qe2 Kg6 26. Rcd1 Bb4 27. Rf1 Bxc3 28.
Bxc3 Nd5 29. Bd2 g4 30. Rc1 Rh8 31. Rc4 a5 32. Rfc1 Qd7 33. Be1 Rh6 34. b4 axb4
35. Bxb4 Kf7 36. R1c2 Rch8 37. Qe1 R8h7 38. Ba3 Qe8 39. Ra2 Qh8 40. Rcc2 hxg3
41. fxg3 f4 42. Bc1 Rh3 0-1

[Event "28. Erfurter Schachfestival 2018 - Meis"]
[Site "Erfurt"]
[Date "2018.12.29"]
[Round "7.16"]
[White "Scheitz, Michael"]
[Black "Pallas, Sebastian"]
[Result "1/2-1/2"]
[WhiteElo "2062"]
[BlackElo "2292"]
[PlyCount "22"]
[EventDate "2018.12.26"]
[SourceDate "2015.12.14"]

1. c4 Nf6 2. Nc3 d5 3. cxd5 Nxd5 4. Nf3 Nxc3 5. bxc3 g6 6. d4 Bg7 7. Bg5 O-O 8.
e3 c5 9. Be2 Nc6 10. O-O Bf5 11. Qb3 Qc7 1/2-1/2

[Event "28. Erfurter Schachfestival 2018 - Meis"]
[Site "Erfurt"]
[Date "2018.12.29"]
[Round "7.17"]
[White "Zeier, Klaus"]
[Black "Schulz, Phillip"]
[Result "1-0"]
[WhiteElo "2247"]
[BlackElo "2015"]
[PlyCount "79"]
[EventDate "2018.12.26"]
[SourceDate "2015.12.14"]

1. e4 c5 2. Nf3 d6 3. Bb5+ Bd7 4. Bxd7+ Qxd7 5. O-O g6 6. c3 Bg7 7. d4 Nf6 8.
Qe2 O-O 9. Rd1 Qc7 10. d5 Nbd7 11. a4 Rfe8 12. Na3 a6 13. Bf4 Nh5 14. Be3 Ne5
15. Nxe5 Bxe5 16. Nc4 Bg7 17. a5 Nf6 18. Bf4 Nd7 19. h3 Reb8 20. Ra2 h5 21. Bg3
b5 22. axb6 Nxb6 23. Na5 Nc8 24. f4 Rb5 25. Rda1 Qb6 26. Nc4 Qb7 27. Rd1 Rb8
28. f5 Kh7 29. fxg6+ fxg6 30. Rf1 Bf6 31. e5 dxe5 32. Bxe5 Ra8 33. Bxf6 exf6
34. Qe6 Qe7 35. Rxf6 Qxe6 36. Rxe6 a5 37. Ra1 Rb7 38. Rf1 Rd7 39. Rf8 Nb6 40.
Nxb6 1-0

[Event "28. Erfurter Schachfestival 2018 - Meis"]
[Site "Erfurt"]
[Date "2018.12.29"]
[Round "7.18"]
[White "Schulz, Karsten"]
[Black "Dehmel, Jens"]
[Result "1-0"]
[WhiteElo "2240"]
[BlackElo "1994"]
[PlyCount "111"]
[EventDate "2018.12.26"]
[SourceDate "2015.12.14"]

1. Nf3 d5 2. c4 c6 3. g3 Nf6 4. Bg2 g6 5. b3 Bg7 6. Bb2 O-O 7. O-O b6 8. Qc2
Bb7 9. d3 c5 10. cxd5 Nxd5 11. Bxg7 Kxg7 12. Qb2+ f6 13. d4 cxd4 14. Nxd4 Qd7
15. Rd1 e5 16. e4 Ne7 17. Nf5+ gxf5 18. Rxd7 Nxd7 19. Nc3 Nc5 20. exf5 Bxg2 21.
Kxg2 Nxf5 22. Rd1 Rad8 23. Rxd8 Rxd8 24. Qe2 Nh6 25. Ne4 Nxe4 26. Qxe4 Rd7 27.
h3 Re7 28. Qb4 Rc7 29. Qd6 Rf7 30. g4 Ng8 31. h4 h6 32. Kf3 Ne7 33. Ke4 Ng6 34.
h5 Nf4 35. f3 Nh3 36. Kd3 Nf4+ 37. Kc4 Ne2 38. Kb5 Nd4+ 39. Ka6 Ne2 40. a4 Nf4
41. Kb5 Ne2 42. Kc4 Nf4 43. Kc3 Ne2+ 44. Kd3 Nf4+ 45. Ke4 Nh3 46. b4 Nf4 47.
Qd8 Ne6 48. Qe8 Nf4 49. a5 bxa5 50. bxa5 Ne2 51. Kd5 Nf4+ 52. Kc6 Ne2 53. Kd6
Nf4 54. Kc5 Ne2 55. g5 fxg5 56. Qxe5+ 1-0

[Event "28. Erfurter Schachfestival 2018 - Meis"]
[Site "Erfurt"]
[Date "2018.12.29"]
[Round "7.19"]
[White "Carnot, Luca"]
[Black "Stotyn, Fabian"]
[Result "0-1"]
[WhiteElo "2037"]
[BlackElo "2227"]
[PlyCount "66"]
[EventDate "2018.12.26"]
[SourceDate "2015.12.14"]

1. Nf3 c5 2. c4 Nf6 3. Nc3 d5 4. cxd5 Nxd5 5. g3 Nc6 6. Bg2 Nc7 7. O-O e5 8. d3
Be7 9. Be3 Be6 10. Ne4 b6 11. Qa4 Qd7 12. Nfd2 Bd5 13. Nc3 Bxg2 14. Kxg2 Ne6
15. Rfc1 Bg5 16. Bxg5 Nxg5 17. Nce4 Ne6 18. Qd1 f5 19. Nc3 h5 20. Kg1 h4 21.
Qf1 hxg3 22. fxg3 g6 23. Qg2 O-O-O 24. Nb5 Kb8 25. a4 Ncd4 26. Nf3 Nxb5 27.
axb5 e4 28. Nd2 exd3 29. exd3 Qd4+ 30. Kh1 Rxh2+ 31. Qxh2 Rh8 32. Nf3 Rxh2+ 33.
Nxh2 Ng5 0-1

[Event "28. Erfurter Schachfestival 2018 - Meis"]
[Site "Erfurt"]
[Date "2018.12.29"]
[Round "7.20"]
[White "Schulze, Lara"]
[Black "Ronge, Tim Hendrick"]
[Result "1-0"]
[WhiteElo "2175"]
[BlackElo "2069"]
[PlyCount "95"]
[EventDate "2018.12.26"]
[SourceDate "2015.12.14"]

1. e4 c5 2. Nf3 Nc6 3. d4 cxd4 4. Nxd4 e5 5. Nb5 d6 6. N1c3 a6 7. Na3 b5 8. Nd5
Nge7 9. c4 Nd4 10. Nb4 a5 11. Nbc2 Nxc2+ 12. Qxc2 b4 13. Nb5 Nc6 14. Be3 Be7
15. Rd1 O-O 16. c5 b3 17. Qxb3 Nd4 18. Nxd4 exd4 19. Bxd4 Be6 20. Qc3 Rc8 21.
Bb5 f5 22. exf5 Rxf5 23. O-O Qc7 24. Rfe1 dxc5 25. Be5 Qb7 26. Bd3 Rg5 27. Be4
Qb4 28. f4 Rg4 29. h3 Qxc3 30. bxc3 Rh4 31. Bd5 Bxd5 32. Rxd5 Rd8 33. Rxd8+
Bxd8 34. Rb1 Bf6 35. Bxf6 gxf6 36. g3 Rxh3 37. Kg2 Rh5 38. c4 f5 39. Rb6 a4 40.
Ra6 a3 41. Rxa3 Rh6 42. Ra5 Rc6 43. a4 h6 44. Rb5 Kf7 45. Rb7+ Kf6 46. a5 Rd6
47. Rb6 Ke6 48. g4 1-0

[Event "28. Erfurter Schachfestival 2018 - Amate"]
[Site "Erfurt"]
[Date "2018.12.30"]
[Round "7.2"]
[White "Naumann, Thomas"]
[Black "Hornung, Richard"]
[Result "1-0"]
[WhiteElo "1688"]
[BlackElo "1671"]
[PlyCount "69"]
[EventDate "2018.12.27"]

1. d4 Nf6 2. Nf3 c6 3. c4 e6 4. Nc3 d5 5. e3 a5 6. Be2 Be7 7. O-O O-O 8. b3 Na6
9. Bb2 Rb8 10. Re1 b6 11. h3 Nd7 12. e4 dxe4 13. Nxe4 f5 14. Nc3 Nc7 15. Bd3
Bb7 16. Qc2 g6 17. Rad1 Bf6 18. Ne5 Re8 19. a4 Qe7 20. Nxd7 Qxd7 21. Ne2 b5 22.
cxb5 cxb5 23. axb5 Nxb5 24. Qc5 Bd5 25. Bxb5 Rxb5 26. Qc1 Bxb3 27. Rd3 Rc8 28.
Rc3 Rxc3 29. Qxc3 Qb7 30. Rc1 Bd5 31. Ba3 Rb1 32. Rxb1 Qxb1+ 33. Kh2 Qe4 34.
Qc8+ Kg7 35. Qf8# 1-0

[Event "28. Erfurter Schachfestival 2018 - Senio"]
[Site "Erfurt"]
[Date "2018.12.30"]
[Round "5.1"]
[White "Stahr, Ralf-Peter"]
[Black "Szenetra, Werner"]
[Result "1/2-1/2"]
[WhiteElo "2131"]
[BlackElo "2168"]
[PlyCount "21"]
[EventDate "2018.12.26"]

1. c4 g6 2. d4 Bg7 3. Nf3 d6 4. Nc3 e5 5. e4 exd4 6. Nxd4 Nc6 7. Be3 Nge7 8.
Be2 O-O 9. Qd2 Re8 10. O-O-O a6 11. h4 1/2-1/2

[Event "28. Erfurter Schachfestival 2018 - Senio"]
[Site "Erfurt"]
[Date "2018.12.30"]
[Round "5.2"]
[White "Villing, Dieter"]
[Black "Werner, Bernd-Michael"]
[Result "0-1"]
[WhiteElo "2123"]
[BlackElo "2095"]
[PlyCount "63"]
[EventDate "2018.12.26"]

1. d4 Nf6 2. Nc3 g6 3. e4 d6 4. f4 Bg7 5. Nf3 c6 6. e5 Nd5 7. Bc4 Nxc3 8. bxc3
O-O 9. O-O b5 10. Bd3 Bb7 11. Ng5 h6 12. Ne4 Qc7 13. f5 dxe5 14. f6 exf6 15.
Nxf6+ Bxf6 16. Rxf6 Qe7 17. Rf1 exd4 18. cxd4 Rd8 19. c3 h5 20. Qb3 Kg7 21. Bd2
Bc8 22. Rae1 Qc7 23. Qc2 Nd7 24. Qc1 Re8 25. Bg5 Qd6 26. Bh6+ Kg8 27. Bf4 Qf8
28. Qc2 Qg7 29. Qd2 Kh7 30. h3 a6 31. Qf2 Kg8 32. Qg3 0-1

[Event "28. Erfurter Schachfestival 2018 - Senio"]
[Site "Erfurt"]
[Date "2018.12.30"]
[Round "5.5"]
[White "Jaeger, Andre"]
[Black "Hüttemann, Karl-Heinz"]
[Result "1/2-1/2"]
[WhiteElo "1903"]
[BlackElo "2099"]
[PlyCount "26"]
[EventDate "2018.12.26"]

1. d4 d5 2. c4 e6 3. Nc3 Be7 4. cxd5 exd5 5. Bf4 c6 6. Qc2 Nf6 7. e3 Nh5 8. Be5
f6 9. Bxb8 Rxb8 10. Be2 g6 11. Bxh5 gxh5 12. h3 Be6 13. Nge2 Qd7 1/2-1/2

[Event "28. Erfurter Schachfestival 2018 - Meist"]
[Site "Erfurt"]
[Date "2018.12.30"]
[Round "8.1"]
[White "Muckle, Julius"]
[Black "Lagunow, Raphael"]
[Result "1/2-1/2"]
[WhiteElo "2349"]
[BlackElo "2409"]
[PlyCount "27"]
[EventDate "2018.12.26"]

1. d4 d5 2. c4 e6 3. Nc3 Nf6 4. Nf3 dxc4 5. e3 a6 6. a4 c5 7. Bxc4 Nc6 8. O-O
cxd4 9. exd4 Be7 10. Bg5 O-O 11. Re1 h6 12. Bh4 Nh5 13. Bxe7 Nxe7 14. d5
1/2-1/2

[Event "28. Erfurter Schachfestival 2018 - Meist"]
[Site "Erfurt"]
[Date "2018.12.30"]
[Round "8.2"]
[White "Nagy, Gabor"]
[Black "Carlstedt, Jonathan"]
[Result "1/2-1/2"]
[WhiteElo "2472"]
[BlackElo "2412"]
[PlyCount "91"]
[EventDate "2018.12.26"]

1. Nf3 Nf6 2. g3 e6 3. Bg2 b5 4. O-O Bb7 5. d3 Be7 6. e4 d6 7. c3 Nbd7 8. a4 a6
9. Na3 c5 10. Be3 Bc6 11. axb5 axb5 12. b4 O-O 13. h3 Qc7 14. Qb3 Qb7 15. bxc5
dxc5 16. Rab1 Rfb8 17. c4 b4 18. Nc2 Ne8 19. Bg5 Bxg5 20. Nxg5 Ne5 21. Ra1 Rd8
22. Rxa8 Rxa8 23. f4 Nd7 24. Rb1 h6 25. Nf3 f5 26. Nd2 Nd6 27. Re1 Nf6 28. Qb2
fxe4 29. d4 Nf5 30. dxc5 e3 31. Nxe3 Nxe3 32. Bxc6 Qxc6 33. Rxe3 Qxc5 34. Qe5
Qa7 35. c5 Kh8 36. Ne4 Nxe4 37. Qxe4 Rb8 38. Qc2 Qa1+ 39. Kg2 Qd4 40. Rd3 Qe4+
41. Kh2 Qc6 42. Qc4 Ra8 43. Rd2 Rb8 44. Rd3 Ra8 45. Rd2 Rb8 46. Rd3 1/2-1/2

[Event "28. Erfurter Schachfestival 2018 - Meist"]
[Site "Erfurt"]
[Date "2018.12.30"]
[Round "8.3"]
[White "Möhn, Hans"]
[Black "Abel, Dennes"]
[Result "0-1"]
[WhiteElo "2364"]
[BlackElo "2465"]
[PlyCount "162"]
[EventDate "2018.12.26"]

1. Nf3 d5 2. g3 c6 3. Bg2 Nf6 4. O-O Bf5 5. c4 e6 6. cxd5 exd5 7. d3 Be7 8. Qb3
Qb6 9. Qc2 h6 10. Nc3 O-O 11. e4 dxe4 12. dxe4 Bh7 13. Qe2 Qa6 14. Re1 Qxe2 15.
Rxe2 Na6 16. Ne1 Rad8 17. f3 Bc5+ 18. Kf1 Nd7 19. Nd3 Be7 20. Be3 Nb6 21. Nf2
Bg6 22. Rd1 f6 23. Bh3 Bf7 24. Bxb6 Rxd1+ 25. Nfxd1 axb6 26. Rd2 Rb8 27. Ne3 g6
28. a3 Bf8 29. f4 h5 30. Ke1 Nc5 31. b4 Nb3 32. Rd3 Ra8 33. Nb1 b5 34. Kd1 c5
35. bxc5 Nxc5 36. Rd4 Bb3+ 37. Kc1 Na4 38. Rd3 Nc5 39. Rd4 Bf7 40. Kb2 b4 41.
Nc2 Na4+ 42. Kc1 b3 43. Nb4 Bc5 44. Rd3 Bc4 45. Rd7 Be3+ 46. Kd1 Nc5 47. Rc7
Rd8+ 48. Ke1 b2 49. Nd5 Bxd5 50. exd5 Rxd5 51. Bg2 Rd2 52. Nxd2 Bxd2+ 53. Kxd2
b1=Q 54. Rxc5 Qb2+ 55. Rc2 Qxa3 56. Be4 f5 57. Bd3 b5 58. Rc3 Qa2+ 59. Rc2 Qa4
60. Rb2 Qd4 61. Rxb5 Qf2+ 62. Be2 Qxh2 63. Rb3 h4 64. gxh4 Qxf4+ 65. Ke1 Qxh4+
66. Kf1 Kg7 67. Rf3 Kf6 68. Bd3 f4 69. Kg2 Qg4+ 70. Kf2 g5 71. Be2 Qh4+ 72. Kg2
Qe1 73. Rf2 Qc3 74. Rf3 Qd2 75. Rf2 Qe3 76. Bf3 g4 77. Bb7 Kg5 78. Bc6 Qg3+ 79.
Kf1 Qh3+ 80. Kg1 Qc3 81. Bb7 f3 0-1

[Event "28. Erfurter Schachfestival 2018 - Meist"]
[Site "Erfurt"]
[Date "2018.12.30"]
[Round "8.4"]
[White "Lubbe, Nikolas"]
[Black "Engers, Felix"]
[Result "1-0"]
[WhiteElo "2449"]
[BlackElo "2117"]
[PlyCount "117"]
[EventDate "2018.12.26"]

1. d4 Nf6 2. Nf3 g6 3. Bf4 Bg7 4. Nc3 d5 5. Nb5 Na6 6. e3 c6 7. Nc3 Nc7 8. h3
O-O 9. Be2 Re8 10. O-O Nd7 11. e4 e5 12. dxe5 Nxe5 13. exd5 Nxd5 14. Nxd5 Qxd5
15. Qxd5 cxd5 16. Bxe5 Bxe5 17. Bb5 Re6 18. Nxe5 Rxe5 19. Rad1 Bf5 20. Rd2 Rc8
21. f4 Re7 22. c3 Be4 23. Ba4 Kg7 24. Rfd1 Rc5 25. Bb3 Rb5 26. Rd4 Kf6 27. R1d2
h5 28. Kf2 Kf5 29. g3 h4 30. Bxd5 hxg3+ 31. Kxg3 Bxd5 32. a4 Rc5 33. Rxd5+ Rxd5
34. Rxd5+ Kf6 35. a5 Rc7 36. Kf3 Ke6 37. Re5+ Kf6 38. Ke3 b6 39. axb6 axb6 40.
Kd4 Rc8 41. c4 Rh8 42. Rb5 Rxh3 43. Ke4 Ke7 44. Rxb6 f5+ 45. Kd4 Rf3 46. Rxg6
Rxf4+ 47. Kc5 Rf1 48. b4 f4 49. Rg4 f3 50. Rf4 f2 51. b5 Kd7 52. Rd4+ Kc7 53.
b6+ Kc8 54. Rd2 Kb7 55. Rd7+ Kc8 56. b7+ Kxd7 57. b8=Q Rd1 58. Qb7+ Kd8 59.
Qa8+ 1-0

[Event "28. Erfurter Schachfestival 2018 - Meist"]
[Site "Erfurt"]
[Date "2018.12.30"]
[Round "8.5"]
[White "Osmanodja, Filiz"]
[Black "Wiley, Tom E"]
[Result "1/2-1/2"]
[WhiteElo "2318"]
[BlackElo "2186"]
[PlyCount "53"]
[EventDate "2018.12.26"]

1. e4 e6 2. d3 d5 3. Qe2 dxe4 4. dxe4 e5 5. Nf3 Nd7 6. c3 a5 7. Nbd2 Bc5 8. Nc4
f6 9. Nh4 Qe7 10. Nf5 Qf8 11. f4 g6 12. Nfe3 c6 13. f5 b5 14. Nd2 Nb6 15. g3
Nh6 16. Bh3 Qg7 17. Nb3 Be7 18. O-O O-O 19. Ng2 a4 20. Be3 Nd7 21. Qd2 Nf7 22.
fxg6 hxg6 23. Bxd7 Rd8 24. Bxc6 Rxd2 25. Nxd2 Rb8 26. Ba7 Bb7 27. Bxb5 1/2-1/2

[Event "28. Erfurter Schachfestival 2018 - Meist"]
[Site "Erfurt"]
[Date "2018.12.30"]
[Round "8.6"]
[White "Derichs, Roger"]
[Black "Schmid, Franz"]
[Result "1-0"]
[WhiteElo "2295"]
[BlackElo "2176"]
[PlyCount "55"]
[EventDate "2018.12.26"]

1. Nf3 d5 2. c4 d4 3. e3 c5 4. b4 dxe3 5. fxe3 cxb4 6. d4 e6 7. Bd3 Nf6 8. O-O
Be7 9. Bb2 O-O 10. e4 Na6 11. Qe2 Nd7 12. e5 f6 13. exf6 Nxf6 14. Ng5 Nc7 15.
Nd2 h6 16. Nge4 Nce8 17. Nf3 Nxe4 18. Bxe4 Nd6 19. Bc2 Bf6 20. Qd3 Nf5 21. g4
Ne7 22. Ne5 g6 23. Nxg6 Rf7 24. Nxe7+ Qxe7 25. Qg6+ Kf8 26. Qxh6+ Bg7 27. Qg6
Ke8 28. Qh5 1-0

[Event "28. Erfurter Schachfestival 2018 - Meist"]
[Site "Erfurt"]
[Date "2018.12.30"]
[Round "8.7"]
[White "Schiffer, Stefan"]
[Black "Wichmann, Cliff"]
[Result "0-1"]
[WhiteElo "2264"]
[BlackElo "2266"]
[PlyCount "78"]
[EventDate "2018.12.26"]

1. e4 c5 2. Nf3 Nc6 3. Bb5 d6 4. Bxc6+ bxc6 5. O-O e5 6. c3 Nf6 7. Re1 Bg4 8.
h3 Bxf3 9. Qxf3 Be7 10. d3 O-O 11. Nd2 Ne8 12. Nc4 Nc7 13. Ne3 Bg5 14. Qg4 g6
15. g3 h5 16. Qd1 Ne6 17. h4 Bh6 18. Kg2 Kh7 19. Qa4 Nf4+ 20. gxf4 exf4 21. Rh1
fxe3 22. Bxe3 Qd7 23. Rh3 Rae8 24. Rg1 f5 25. Bxh6 Kxh6 26. Rg3 fxe4 27. dxe4
Rf4 28. f3 Ref8 29. Qc4 Kh7 30. Qd3 Qe6 31. Rd1 R8f6 32. c4 Rxh4 33. Qc3 Rhf4
34. Qa5 Rxf3 35. Qc7+ Rf7 36. Qxd6 Qxe4 37. Rxf3 Rxf3 38. Re1 Qg4+ 39. Kh2 Rh3#
0-1

[Event "28. Erfurter Schachfestival 2018 - Meist"]
[Site "Erfurt"]
[Date "2018.12.30"]
[Round "8.8"]
[White "Lagunow, Alexander"]
[Black "Schulz, Karsten"]
[Result "1-0"]
[WhiteElo "2392"]
[BlackElo "2240"]
[PlyCount "77"]
[EventDate "2018.12.26"]

1. d4 g6 2. e4 Bg7 3. Nf3 d6 4. Bc4 Nf6 5. e5 dxe5 6. Nxe5 O-O 7. O-O c6 8. Bb3
Nbd7 9. Nf3 Nb6 10. h3 Nbd5 11. c4 Nc7 12. Nc3 Bf5 13. Re1 Rc8 14. Bf4 b5 15.
Bxc7 Qxc7 16. cxb5 cxb5 17. Nxb5 Qb7 18. Nc3 Rcd8 19. Qe2 Bd7 20. d5 Rfe8 21.
Ne5 a6 22. Qf3 Rf8 23. Re3 Ne8 24. Rae1 Nd6 25. Nc6 Rde8 26. Nxe7+ Kh8 27. Qf4
Qb6 28. R3e2 a5 29. Ba4 Rd8 30. Bxd7 Rxd7 31. Qa4 Rb7 32. Nc6 Rc7 33. Qf4 Rd7
34. Rd1 Nf5 35. Qa4 Rc7 36. Qb5 Rb7 37. Qxb6 Rxb6 38. Na4 Ra6 39. Nc5 1-0

[Event "28. Erfurter Schachfestival 2018 - Meist"]
[Site "Erfurt"]
[Date "2018.12.30"]
[Round "8.9"]
[White "Wiebe, Patrick"]
[Black "Lubbe, Melanie"]
[Result "1-0"]
[WhiteElo "2236"]
[BlackElo "2345"]
[PlyCount "73"]
[EventDate "2018.12.26"]

1. c4 Nf6 2. g3 g6 3. Bg2 Bg7 4. Nc3 O-O 5. d3 d6 6. Bg5 h6 7. Bd2 c5 8. a3 Nc6
9. Rb1 a5 10. Nf3 e5 11. O-O Ne8 12. Ne1 f5 13. Nc2 a4 14. b4 axb3 15. Rxb3 Nf6
16. Nd5 Nxd5 17. Bxd5+ Kh7 18. e3 Qe7 19. f4 Ra7 20. Qf3 Bd7 21. Rfb1 Nd8 22.
Rb6 Ba4 23. Ne1 Bc6 24. Bc1 e4 25. dxe4 fxe4 26. Qd1 Rf5 27. g4 Rf8 28. Ng2 g5
29. Qd2 gxf4 30. exf4 Bd4+ 31. Kh1 Bxd5 32. cxd5 Qe5 33. Bb2 Qxd5 34. Ne3 Qa2
35. Rg1 Bxe3 36. Qxd6 Qe6 37. Qxf8 1-0

[Event "28. Erfurter Schachfestival 2018 - Meist"]
[Site "Erfurt"]
[Date "2018.12.30"]
[Round "8.10"]
[White "Stein, Robert"]
[Black "Hartge, Gedeon"]
[Result "1/2-1/2"]
[WhiteElo "2306"]
[BlackElo "2198"]
[PlyCount "29"]
[EventDate "2018.12.26"]

1. d4 Nf6 2. c4 c5 3. Nf3 cxd4 4. Nxd4 e6 5. g3 d5 6. Bg2 e5 7. Nf3 d4 8. O-O
Nc6 9. e3 Be7 10. exd4 exd4 11. Bf4 O-O 12. Ne5 Nxe5 13. Bxe5 Qb6 14. Qb3 Nd7
15. Qxb6 1/2-1/2

[Event "28. Erfurter Schachfestival 2018 - Meist"]
[Site "Erfurt"]
[Date "2018.12.30"]
[Round "8.11"]
[White "Steinacker, Alex"]
[Black "Schulze, Lara"]
[Result "1-0"]
[WhiteElo "2278"]
[BlackElo "2175"]
[PlyCount "92"]
[EventDate "2018.12.26"]

1. g3 d5 2. Nf3 Bg4 3. Bg2 Nd7 4. h3 Bh5 5. d3 c6 6. Nbd2 Ngf6 7. g4 Bg6 8. Nh4
e5 9. c4 d4 10. Nf1 a5 11. Ng3 Nc5 12. b3 Nfd7 13. Nf3 h5 14. gxh5 Bxh5 15.
Nxh5 Rxh5 16. h4 Ne6 17. Bh3 Bb4+ 18. Bd2 f5 19. Bxb4 axb4 20. e4 dxe3 21. fxe3
g6 22. Qd2 Qf6 23. d4 e4 24. Ng5 Nec5 25. Ke2 Nd3 26. Bg2 Rxg5 27. hxg5 Qxg5
28. Kd1 O-O-O 29. a3 bxa3 30. Rxa3 N7c5 31. Kc2 Na6 32. Rxa6 bxa6 33. Bf1 c5
34. Bxd3 exd3+ 35. Kb1 cxd4 36. Qa5 Qg2 37. Qc5+ Kb8 38. Qb6+ Kc8 39. Qc5+ Kb8
40. Qb6+ Kc8 41. Rh7 Qc2+ 42. Ka1 Qc1+ 43. Ka2 Qc2+ 44. Ka3 Qc1+ 45. Kb4 a5+
46. Kb5 Qa3 1-0

[Event "28. Erfurter Schachfestival 2018 - Meist"]
[Site "Erfurt"]
[Date "2018.12.30"]
[Round "8.12"]
[White "Stotyn, Fabian"]
[Black "Biebinger, Gerhard"]
[Result "1-0"]
[WhiteElo "2227"]
[BlackElo "2263"]
[PlyCount "189"]
[EventDate "2018.12.26"]

1. e4 g6 2. Nc3 Bg7 3. d4 a6 4. a4 d6 5. f4 e6 6. Nf3 Nc6 7. Be3 d5 8. e5 h5 9.
Bf2 b6 10. Bh4 Qd7 11. Bg5 Bb7 12. Na2 Nh6 13. Bd3 Nf5 14. c3 Na5 15. Bxf5 exf5
16. Nc1 Nc6 17. O-O a5 18. Re1 O-O 19. Qe2 Ba6 20. Qf2 Nd8 21. Bxd8 Raxd8 22.
Qg3 Rfe8 23. Re3 Bh6 24. Nb3 Bc8 25. Nbd2 Qe7 26. Nh4 Be6 27. Nhf3 c5 28. Ng5
cxd4 29. cxd4 Rc8 30. Rb3 Rc6 31. Qe3 Rec8 32. Ndf3 Qc7 33. Rb5 Bf8 34. Qb3 Bb4
35. Rd1 Kg7 36. Kf2 Rc2+ 37. Kg3 Rc6 38. Rd3 Rd8 39. Kh3 Kh6 40. Nh4 Rg8 41.
Rg3 Qd8 42. Nhf3 Qd7 43. Ng1 Qe7 44. Ne2 Rc4 45. Rd3 Qd7 46. Nc3 Rd8 47. Na2
Bf8 48. Rxb6 Qxa4 49. Qxa4 Rxa4 50. Nc3 Rb4 51. Rxb4 Bxb4 52. Na4 Be7 53. Nf3
Rb8 54. b3 Rc8 55. Rc3 Rb8 56. Nc5 Bc8 57. Kg3 Rb4 58. Kf2 Kg7 59. g3 Kf8 60.
Nd3 Rb8 61. Nfe1 Be6 62. Nc2 Ke8 63. Ne3 Kd7 64. Nc5+ Kd8 65. Ke2 h4 66. Kd2
hxg3 67. hxg3 g5 68. Rc1 gxf4 69. gxf4 Bxc5 70. Rxc5 Rxb3 71. Rxa5 Rb2+ 72. Kc3
Rf2 73. Nxd5 Kc8 74. Rc5+ Kb8 75. Rb5+ Kc8 76. Nb6+ Kc7 77. d5 Rf3+ 78. Kd2 Bd7
79. Nxd7 Kxd7 80. Rb7+ Ke8 81. Rb4 Ke7 82. Ke2 Ra3 83. Rb7+ Ke8 84. Rb6 Ra5 85.
d6 Ra7 86. Kf3 Ra3+ 87. Kf2 Ra7 88. Kg3 Kd7 89. Rb8 f6 90. Rf8 Ra3+ 91. Kh4
fxe5 92. fxe5 Ra1 93. Rf7+ Ke6 94. Re7+ Kd5 95. d7 1-0

[Event "28. Erfurter Schachfestival 2018 - Meist"]
[Site "Erfurt"]
[Date "2018.12.30"]
[Round "8.13"]
[White "Nguyen, Huy Dat"]
[Black "Zeier, Klaus"]
[Result "1/2-1/2"]
[WhiteElo "2178"]
[BlackElo "2247"]
[PlyCount "154"]
[EventDate "2018.12.26"]

1. e4 e5 2. Nf3 Nc6 3. Bb5 a6 4. Ba4 Nf6 5. d3 b5 6. Bb3 Be7 7. O-O O-O 8. Re1
d6 9. c3 Na5 10. Bc2 c5 11. Nbd2 Re8 12. Nf1 Bf8 13. Ng3 g6 14. d4 cxd4 15.
cxd4 exd4 16. Nxd4 Bb7 17. b3 Bg7 18. Bb2 Nd7 19. Qd2 Qb6 20. Rad1 Ne5 21. Bb1
Rac8 22. Qe2 d5 23. f4 Nec6 24. e5 f6 25. Kh1 fxe5 26. Ndf5 gxf5 27. Nxf5 Rc7
28. Qh5 Re6 29. fxe5 Nd8 30. Rf1 Rf7 31. Bd4 Qc6 32. Qg5 Qe8 33. Rf3 Nac6 34.
Bc5 Nxe5 35. Re3 Ng6 36. Nd6 Qd7 37. Nxf7 Nxf7 38. Qf5 Bc8 39. Rxe6 Qxe6 40.
Qxd5 Qg4 41. Re1 Nge5 42. Be4 Qe6 43. Qa8 Qd7 44. Rf1 Qd8 45. Bd5 Be6 46. Qxd8+
Nxd8 47. Be4 a5 48. Rd1 Ndf7 49. Bd5 Bg4 50. Rf1 Bh5 51. a4 bxa4 52. bxa4 Bf8
53. Bd4 Nd7 54. g4 Bg6 55. h4 Bc5 56. h5 Be4+ 57. Bxe4 Bxd4 58. Bxh7+ Kg7 59.
Rd1 Nde5 60. Rxd4 Kxh7 61. Kg2 Kg7 62. Kg3 Kf6 63. Rd5 Nc4 64. Rf5+ Ke6 65. Kf4
Nce5 66. h6 Nxg4 67. h7 Nf6 68. Rxa5 Nxh7 69. Ra6+ Kd5 70. Ra7 Nhg5 71. Rd7+
Kc6 72. Rd1 Kb6 73. Rd5 Ne6+ 74. Kf5 Nc5 75. a5+ Kc6 76. Rd1 Nd6+ 77. Ke5 Nc4+
1/2-1/2

[Event "28. Erfurter Schachfestival 2018 - Meist"]
[Site "Erfurt"]
[Date "2018.12.30"]
[Round "8.14"]
[White "Weishäutel, Moritz"]
[Black "Greßmann, Moritz"]
[Result "1/2-1/2"]
[WhiteElo "2243"]
[BlackElo "2124"]
[PlyCount "84"]
[EventDate "2018.12.26"]

1. e4 e5 2. Nf3 Nc6 3. Bc4 Nf6 4. d4 exd4 5. e5 d5 6. Bb5 Ne4 7. Nxd4 Bd7 8.
Bxc6 bxc6 9. O-O Bc5 10. Be3 Bb6 11. f3 Nc5 12. f4 Ne4 13. Nd2 Nxd2 14. Qxd2 c5
15. Nf3 Bf5 16. c3 O-O 17. h3 h5 18. Rad1 c6 19. Qe2 c4 20. Rf2 Bd3 21. Qe1
Bxe3 22. Qxe3 Qb6 23. Nd4 c5 24. Ne2 Rad8 25. f5 d4 26. Qg3 Qh6 27. f6 Bxe2 28.
Rxe2 dxc3 29. Rxd8 Rxd8 30. bxc3 Rd3 31. Qf2 gxf6 32. exf6 Rxc3 33. Re5 Rd3 34.
Rxc5 Qe3 35. Qxe3 Rxe3 36. Rxc4 Ra3 37. Rc5 Kh7 38. Rxh5+ Kg6 39. g4 Rxa2 40.
h4 Kxf6 41. Rf5+ Kg7 42. h5 f6 1/2-1/2